<?xml version="1.0" encoding="UTF-8"?>
<record
    xmlns:xsi="http://www.w3.org/2001/XMLSchema-instance"
    xsi:schemaLocation="http://www.loc.gov/MARC21/slim http://www.loc.gov/standards/marcxml/schema/MARC21slim.xsd"
    xmlns="http://www.loc.gov/MARC21/slim">

  <leader>02517nam a2200577 i 4500</leader>
  <controlfield tag="003">DO-SdBNP</controlfield>
  <controlfield tag="005">20250506084745.0</controlfield>
  <controlfield tag="007">ta</controlfield>
  <controlfield tag="008">250430s1984    sp a    r     000 0 spa d</controlfield>
  <datafield tag="020" ind1=" " ind2=" ">
    <subfield code="a">8435902900</subfield>
  </datafield>
  <datafield tag="040" ind1=" " ind2=" ">
    <subfield code="a">DO-SdBNP</subfield>
    <subfield code="b">spa</subfield>
    <subfield code="c">BNPHU</subfield>
    <subfield code="e">rda</subfield>
  </datafield>
  <datafield tag="082" ind1=" " ind2=" ">
    <subfield code="a">863.3</subfield>
    <subfield code="b">L431t</subfield>
    <subfield code="2">22</subfield>
  </datafield>
  <datafield tag="245" ind1="0" ind2="0">
    <subfield code="a">Lazarillo de Tormes /</subfield>
    <subfield code="c">An&#xF3;nimo. ; colaboradores, Pedro Aull&#xF3;n de Haro, Miguel Borroto Recio, Jos&#xE9; M. D&#xED;ez Borque, Jos&#xE9; Escarpanter, Gast&#xF3;n Fdez. dela Torriente y otros ; ilustraciones, Arturo Rodr&#xED;guez</subfield>
  </datafield>
  <datafield tag="250" ind1=" " ind2=" ">
    <subfield code="a">Segunda edici&#xF3;n</subfield>
  </datafield>
  <datafield tag="264" ind1=" " ind2="1">
    <subfield code="a">Madrid, Espa&#xF1;a :</subfield>
    <subfield code="b">Editorial Playor,</subfield>
    <subfield code="c">1984.</subfield>
  </datafield>
  <datafield tag="300" ind1=" " ind2=" ">
    <subfield code="a">135 p&#xE1;ginas</subfield>
    <subfield code="b">ilustraciones</subfield>
    <subfield code="c">21 cm.</subfield>
  </datafield>
  <datafield tag="336" ind1=" " ind2=" ">
    <subfield code="a">texto</subfield>
    <subfield code="b">txt</subfield>
    <subfield code="2">rdacontent</subfield>
  </datafield>
  <datafield tag="337" ind1=" " ind2=" ">
    <subfield code="a">sin mediaci&#xF3;n</subfield>
    <subfield code="b">n</subfield>
    <subfield code="2">rdamedia</subfield>
  </datafield>
  <datafield tag="338" ind1=" " ind2=" ">
    <subfield code="a">volumen</subfield>
    <subfield code="b">nc</subfield>
    <subfield code="2">rdacarrier</subfield>
  </datafield>
  <datafield tag="490" ind1="1" ind2=" ">
    <subfield code="a">Cl&#xE1;sicos comentados Playor</subfield>
  </datafield>
  <datafield tag="500" ind1=" " ind2=" ">
    <subfield code="a">Incluye esquema para el comentario de la obra.</subfield>
  </datafield>
  <datafield tag="500" ind1=" " ind2=" ">
    <subfield code="a">Incluye notas a pie de p&#xE1;ginas. </subfield>
  </datafield>
  <datafield tag="500" ind1=" " ind2=" ">
    <subfield code="a">Edici&#xF3;n especial para estudiantes.</subfield>
  </datafield>
  <datafield tag="504" ind1=" " ind2=" ">
    <subfield code="a">Bibliograf&#xED;a p: 131-132.</subfield>
  </datafield>
  <datafield tag="590" ind1=" " ind2=" ">
    <subfield code="a">Inventariado, 2025/ YL</subfield>
  </datafield>
  <datafield tag="650" ind1=" " ind2="4">
    <subfield code="a">Novela espa&#xF1;ola</subfield>
    <subfield code="9">1123</subfield>
  </datafield>
  <datafield tag="650" ind1=" " ind2="4">
    <subfield code="a">Novela picaresca espa&#xF1;ola</subfield>
    <subfield code="9">42269</subfield>
  </datafield>
  <datafield tag="650" ind1=" " ind2="4">
    <subfield code="a">Literatura espa&#xF1;ola</subfield>
    <subfield code="9">632</subfield>
  </datafield>
  <datafield tag="700" ind1="1" ind2=" ">
    <subfield code="a">Aull&#xF3;n de Haro, Pedro </subfield>
    <subfield code="e">colaboradores </subfield>
    <subfield code="4">col.</subfield>
    <subfield code="9">87585</subfield>
  </datafield>
  <datafield tag="700" ind1="1" ind2=" ">
    <subfield code="a">Borroto Recio, Miguel </subfield>
    <subfield code="e">colaboradores</subfield>
    <subfield code="4">col.</subfield>
    <subfield code="9">87586</subfield>
  </datafield>
  <datafield tag="700" ind1="1" ind2=" ">
    <subfield code="a">D&#xED;ez Borque, Jos&#xE9; M. </subfield>
    <subfield code="e">colaboradores</subfield>
    <subfield code="4">col.</subfield>
    <subfield code="9">87587</subfield>
  </datafield>
  <datafield tag="700" ind1="1" ind2=" ">
    <subfield code="a">Escarpanter, Jos&#xE9; </subfield>
    <subfield code="e">colaboradores</subfield>
    <subfield code="4">col.</subfield>
    <subfield code="9">68347</subfield>
  </datafield>
  <datafield tag="700" ind1="1" ind2=" ">
    <subfield code="a">Fdez. de la Torriente, Gast&#xF3;n </subfield>
    <subfield code="e">colaboradores</subfield>
    <subfield code="4">col.</subfield>
    <subfield code="9">87588</subfield>
  </datafield>
  <datafield tag="700" ind1="1" ind2=" ">
    <subfield code="a">Huerta Calvo, Javier</subfield>
    <subfield code="e">colaboradores</subfield>
    <subfield code="4">col.</subfield>
    <subfield code="9">87589</subfield>
  </datafield>
  <datafield tag="700" ind1="1" ind2=" ">
    <subfield code="a">L&#xF3;pez Morales, Humberto</subfield>
    <subfield code="e">colaboradores</subfield>
    <subfield code="4">col.</subfield>
    <subfield code="9">5734</subfield>
  </datafield>
  <datafield tag="700" ind1="1" ind2=" ">
    <subfield code="a">Mart&#xED;n, Jos&#xE9; Luis</subfield>
    <subfield code="e">colaboradores</subfield>
    <subfield code="4">col.</subfield>
    <subfield code="9">87590</subfield>
  </datafield>
  <datafield tag="700" ind1="1" ind2=" ">
    <subfield code="a">Mart&#xED;n Duque, I.</subfield>
    <subfield code="e">colaboradores</subfield>
    <subfield code="4">col.</subfield>
    <subfield code="9">87591</subfield>
  </datafield>
  <datafield tag="700" ind1="1" ind2=" ">
    <subfield code="a">Moro, Lilliam</subfield>
    <subfield code="e">colaboradores</subfield>
    <subfield code="4">col.</subfield>
    <subfield code="9">87592</subfield>
  </datafield>
  <datafield tag="700" ind1="1" ind2=" ">
    <subfield code="a">Palette, Juan</subfield>
    <subfield code="e">colaboradores</subfield>
    <subfield code="4">col.</subfield>
    <subfield code="9">87593</subfield>
  </datafield>
  <datafield tag="700" ind1="1" ind2=" ">
    <subfield code="a">Romera, Jos&#xE9;</subfield>
    <subfield code="e">colaboradores</subfield>
    <subfield code="4">col.</subfield>
    <subfield code="9">87594</subfield>
  </datafield>
  <datafield tag="700" ind1="1" ind2=" ">
    <subfield code="a">Serrano, P&#xED;o E.</subfield>
    <subfield code="e">colaboradores</subfield>
    <subfield code="4">col.</subfield>
    <subfield code="9">87595</subfield>
  </datafield>
  <datafield tag="700" ind1="1" ind2=" ">
    <subfield code="a">Shimose, Pedro</subfield>
    <subfield code="e">colaboradores</subfield>
    <subfield code="4">col.</subfield>
    <subfield code="9">87596</subfield>
  </datafield>
  <datafield tag="700" ind1="1" ind2=" ">
    <subfield code="a">Su&#xE1;rez-Galb&#xE1;n, Eugenio</subfield>
    <subfield code="e">colaboradores</subfield>
    <subfield code="4">col.</subfield>
    <subfield code="9">87597</subfield>
  </datafield>
  <datafield tag="700" ind1="1" ind2=" ">
    <subfield code="a">Tirado, Carlos</subfield>
    <subfield code="e">colaboradores</subfield>
    <subfield code="4">col.</subfield>
    <subfield code="9">87598</subfield>
  </datafield>
  <datafield tag="700" ind1="1" ind2=" ">
    <subfield code="a">Vaquero, Mar&#xED;a</subfield>
    <subfield code="e">colaboradores</subfield>
    <subfield code="4">col.</subfield>
    <subfield code="9">87599</subfield>
  </datafield>
  <datafield tag="700" ind1="1" ind2=" ">
    <subfield code="a">Zayas-Baz&#xE1;n, Eduardo</subfield>
    <subfield code="e">colaboradores</subfield>
    <subfield code="4">col.</subfield>
    <subfield code="9">87600</subfield>
  </datafield>
  <datafield tag="700" ind1="1" ind2=" ">
    <subfield code="a">Madrigal, Jos&#xE9; A.</subfield>
    <subfield code="e">colaboradores</subfield>
    <subfield code="4">col.</subfield>
    <subfield code="9">87601</subfield>
  </datafield>
  <datafield tag="700" ind1="1" ind2=" ">
    <subfield code="a">Rodr&#xED;guez, Arturo</subfield>
    <subfield code="e">ilustraciones</subfield>
    <subfield code="4">il.</subfield>
    <subfield code="9">87602</subfield>
  </datafield>
  <datafield tag="910" ind1=" " ind2=" ">
    <subfield code="a">YLockward</subfield>
  </datafield>
  <datafield tag="942" ind1=" " ind2=" ">
    <subfield code="2">ddc</subfield>
    <subfield code="c">LBS1</subfield>
  </datafield>
  <datafield tag="952" ind1=" " ind2=" ">
    <subfield code="0">0</subfield>
    <subfield code="1">0</subfield>
    <subfield code="2">ddc</subfield>
    <subfield code="5">6</subfield>
    <subfield code="7">0</subfield>
    <subfield code="8">GR</subfield>
    <subfield code="a">BNPHU</subfield>
    <subfield code="b">BNPHU</subfield>
    <subfield code="c">CT</subfield>
    <subfield code="d">2025-04-30</subfield>
    <subfield code="l">0</subfield>
    <subfield code="o">BNPHU GR 863.3 L431t</subfield>
    <subfield code="p">2025-3845</subfield>
    <subfield code="r">2025-04-30</subfield>
    <subfield code="w">2025-04-30</subfield>
    <subfield code="y">LBS1</subfield>
  </datafield>
  <datafield tag="999" ind1=" " ind2=" ">
    <subfield code="c">58871</subfield>
    <subfield code="d">58871</subfield>
  </datafield>
</record>
